| 000 | 00698nam a2200253Ia 4500 | ||
|---|---|---|---|
| 003 | OSt | ||
| 005 | 20220918221902.0 | ||
| 006 | a|||||r|||| 00| 0 | ||
| 007 | ta | ||
| 008 | 220917b |||||||| |||| 00| 0 eng d | ||
| 024 | _a210,512 | ||
| 037 | _cTextual | ||
| 040 |
_aARTS _cARTS _beng |
||
| 041 |
_2eng _aeng |
||
| 082 | _aO111,2J64:g, P1 | ||
| 100 |
_aMcDonald Russ _959177 |
||
| 245 | 0 |
_aBedford companion to Shakespeare _b an Introduction with documents |
|
| 250 | _a2nd | ||
| 260 |
_aBoston _bBedford _c2001 |
||
| 300 |
_axxiii, 451 p _ccm. |
||
| 650 | _aSHAKESPEARE, WILLIAM | ||
| 942 |
_hO111,2J64:g, P1 _cTEXL _2CC |
||
| 999 |
_c273927 _d273927 |
||